000 03889cam a2200349 4500500
005 20260322004656.0
041 _afre
042 _adc
100 1 0 _aNedel, Patricia
_eauthor
245 0 0 _aLes liens entre le comportement citoyen interorganisationnel (CCI) et la performance adaptative territoriale (PAT) : étude de cas en France et en Suisse Romande
260 _c2026.
500 _a32
520 _aNotre contribution concerne les liens entre le comportement citoyen interorganisationnel (CCI) et la performance adaptative territoriale (PAT) au sein des associations en France et en Suisse Romande. Cette recherche a ainsi permis d’approfondir l’état de la recherche en sciences de gestion sur l’impact d’une émotion positive, et notamment du CCI qui est adaptée aux spécificités de l’économie sociale et solidaire (ESS), en intégrant la dimension territoriale. De plus, notre étude de cas permet d’établir la nature des relations entre le CCI et la PAT en vue de spécifier les capacités de changement dans le cadre de la Responsabilité Sociale Territoriale (RST), elle-même issue de la Responsabilité Sociale des Organisations (RSO). Le concept de Gouvernance émotionnelle territoriale (GET) émerge des travaux.
520 _aOur contribution concerns the links between inter-organizational citizenship behavior (ICB) and territorial adaptive performance (TAP) within associations in France and French-speaking Switzerland. This research has thus made it possible to deepen the state of research in management sciences on the impact of positive collective emotion, and of ICB, which has been adapted to the specificities of the social economy (SSE), by integrating the notion of territory. In addition, our case study enables us to establish the nature of these relationships between the ICB and the TAP to specify its capacity for change within the framework of Territorial Social Responsibility (TSR), an offshoot of Organizational Social Responsibility (OSR). The concept of Territorial Emotional Governance (TEG) emerges from our work.
520 _aNuestra contribución se refiere a los vínculos entre el comportamiento cívico interorganizativo (CCI) y el rendimiento territorial adaptativo (RTA) en las asociaciones de Francia y la Suiza francófona. Esta investigación ha permitido profundizar en el estado de la investigación en ciencias de la gestión sobre el impacto de una emoción positiva, y en particular del CCI adaptado a las especificidades de la economía social y solidaria (ESS), integrando la dimensión territorial. Además, nuestro estudio de caso permite establecer la naturaleza de las relaciones entre la CTI y el PAT con vistas a especificar las capacidades de cambio en el marco de la Responsabilidad Social Territorial (RST), a su vez derivada de la Responsabilidad Social de las Organizaciones (RSO). De este trabajo se desprende el concepto de Gobernanza Emocional Territorial (GET).
690 _aBénévolat
690 _aComportement Citoyen Interorganisationnel (CCI)
690 _aEmotions
690 _aGouvernance émotionnelle territoriale (GET)
690 _aPerformance Adaptative Territoriale (PAT)
690 _aResponsabilité Sociale des Organisations (RSO)
690 _aResponsabilité Sociale Territoriale (RST)
690 _aEmotions
690 _aInterorganizational Citizen Behaviour (ICB)
690 _aOrganizational Social Responsibility (OSR)
690 _aTerritorial Adaptive Performance (TAP)
690 _aTerritorial Emotional Governance (TEG)
690 _aTerritorial Social Responsibility (TSR)
690 _aVolunteering
786 0 _nVie & sciences de l'entreprise | 226-227 | 3-4 | 2026-02-03 | p. 213-266 | 2262-5321
856 4 1 _uhttps://shs.cairn.info/revue-vie-sciences-de-lentreprise-2025-3-4-page-213?lang=fr&redirect-ssocas=7080
999 _c1742086
_d1742086